书目信息 |
| 题名: |
现代社会调查方法
|
|
| 作者: | 吴增基 , 吴鹏森 , 苏振芳 主编 | |
| 分册: | ||
| 出版信息: | 上海 上海人民出版社 1998 |
|
| 页数: | 381页 | |
| 开本: | 21cm | |
| 丛书名: | ||
| 单 册: | ||
| 中图分类: | C91-03 | |
| 科图分类: | ||
| 主题词: | 社会学--科学方法论 , 社会学--方法论 | |
| 电子资源: | ||
| ISBN: | 7-208-02675-0 | |
| 000 | 00753nam0 2200253 45 | |
| 001 | CAL 012000143416 | |
| 005 | 20041108150533.5 | |
| 010 | @a7-208-02675-0@dCNY17.50 | |
| 100 | @a19981007d1998 em y0chiy0121 ea | |
| 101 | 0 | @achi |
| 102 | @aCN@b310000 | |
| 105 | @aak a 000yy | |
| 200 | 1 | @a现代社会调查方法@Axian dai she hui diao cha fang fa@f吴增基,吴鹏森,苏振芳主编@FWu Zeng Ji,Wu Peng Sen,Su Zhen Fang Zhu Bian |
| 210 | @a上海@c上海人民出版社@d1998 | |
| 215 | @a381页@c图@d21cm | |
| 300 | @a书后有附录 | |
| 606 | 0 | @a社会学@x科学方法论 |
| 606 | 0 | @a社会学@x方法论 |
| 690 | @aC91-03@v4 | |
| 701 | 0 | @a吴增基@4主编 |
| 701 | 0 | @a吴鹏森@4主编 |
| 701 | 0 | @a苏振芳@4主编 |
| 801 | @aCN@bTSTC@c20020408 | |
| 905 | @b307554-558@dC91-03@e263@f5 | |
| 现代社会调查方法/吴增基,吴鹏森,苏振芳主编.-上海:上海人民出版社,1998 |
| 381页:图;21cm |
| 书后有附录 |
| ISBN 7-208-02675-0:CNY17.50 |
| ● |
| 相关链接 |
|
|
|
|
正题名:现代社会调查方法
索取号:C91-03/263
 
预约/预借
| 序号 | 登录号 | 条形码 | 馆藏地/架位号 | 状态 | 备注 |
| 1 | 0307554 | 203075545 | 教育系资料室/ [索取号:C91-03/263] | 在馆 | |
| 2 | 0307555 | 203075554 | 第一借阅区/ [索取号:C91-03/263] | 在馆 | |
| 3 | 0307556 | 203075563 | 第一借阅区/ [索取号:C91-03/263] | 在馆 | |
| 4 | 0307557 | 203075572 | 教育系资料室/ [索取号:C91-03/263] | 在馆 | |
| 5 | 0307558 | 203075581 | 第一样本阅览室/ [索取号:C91-03/263] | 在馆 |